000
00341 a2200157 4500
001
57018
020
_a
8575090593
040
_c
Anchieta - Pituba
100
_a
Jones, Diana Wynne
240
1
0
_a
Os magos de Caprona
_l
por
245
1
0
_a
Os magos de Caprona
300
_a
263
362
0
_a
2002
650
4
_a
Literatura juvenil
942
_c
BK
999
_c
57018
_d
57018